000 00487nam a2200181 a 4500
001 1758620201486
003 YourLibrary
005 20250923150818.0
008 250923s2001##################000#0#eng##
020 _a9780691088617
082 0 4 _a577.015
_bMAY
245 1 0 _aStability and Complexity in Model Ecosystems :
260 _bPrinceton University Press,
_c2001.
300 _a300 pages
650 0 _aMathematics.
942 _cENGLISH
040 _aYourLibrary
_beng
_cYourLibrary
999 _c589038
_d589038